Normal view
MARC view
- the 16th Annual conference
Entry Personal Name
001 - CONTROL NUMBER
- control field: 3524
003 - CONTROL NUMBER IDENTIFIER
- control field: JO-AjAnu
005 - DATE AND TIME OF LATEST TRANSACTION
- control field: 20230606070900.0
008 - FIXED-LENGTH DATA ELEMENTS
- fixed length control field: 230606|| aca||aabn | a|a d
040 ## - CATALOGING SOURCE
- Original cataloging agency: JO-AjAnu
- Transcribing agency: JO-AjAnu
100 ## - HEADING--PERSONAL NAME
- Personal name: the 16th Annual conference
670 ## - SOURCE DATA FOUND
- Source citation: Work cat.: (JO-AjAnu)1839: the 16th Annual conference, author, Papers of International Commercial Arbitration : The most Important Alternatives for Commercial Disputes Resolution Vol.4